| 000 | 00909nam a22002297a 4500 | ||
|---|---|---|---|
| 999 |
_c14062 _d14062 |
||
| 003 | AR-CdUCM | ||
| 008 | 190417b ||||| |||| 00| 0 spa d | ||
| 040 |
_aMUNICIPALIDAD PROVINCIAL DEL CUSCO _cBIBLIOTECA MUNICIPAL DEL CUSCO |
||
| 082 |
_a343.974 / _bA67 |
||
| 100 |
_aPeña y Reyes, Antonio _932732 |
||
| 245 | _aLa insubsistencia de una convención de reclamaciones / | ||
| 260 |
_aMéxico : _bPorrua, _c1971. |
||
| 300 |
_a214 páginas ; _c21 cm. |
||
| 440 |
_aArchivo histórico diplomático mexicano _n26 _932733 |
||
| 505 | _aContenido : Documentos relativos a la convención celebrada con España en 1853 -- La insubsistencia de la convención -- Apuntes sobre la renovación de tratados y convenciones ... | ||
| 650 |
_aTratados _93362 |
||
| 650 |
_aConvenciones _932734 |
||
| 650 |
_aHistoria _9136 |
||
| 700 |
_aEstrada, Genaro _932735 |
||
| 942 |
_2ddc _cLIBROS |
||
| 945 |
_arah _d17/04/2019 |
||